|
|
|
|
| LEADER |
01410nam a2200337 a 4500 |
| 001 |
12887341 |
| 008 |
111129s2004 enk b 001 0 eng |
| 010 |
|
|
|a 2002031354
|
| 020 |
|
|
|a 0521820677 (hardback)
|
| 020 |
|
|
|a 0521603544
|
| 040 |
|
|
|a DLC
|c DLC
|d DLC
|d BD-DhAAL
|
| 042 |
|
|
|a pcc
|
| 043 |
|
|
|a n-mx---
|
| 050 |
0 |
0 |
|a HC135
|b .H173 2003
|
| 082 |
0 |
0 |
|a 320/.6/0972/0904
|2 21
|
| 100 |
1 |
|
|a Haber, Stephen H.,
|d 1957-
|
| 245 |
1 |
4 |
|a The politics of property rights :
|b political instability, credible commitments, and economic growth in Mexico, 1876-1929 /
|c Stephen Haber, Noel Maurer, Armando Razo.
|
| 260 |
|
|
|a Cambridge ;
|a New York :
|b Cambridge University Press,
|c 2004.
|
| 300 |
|
|
|a xv, 382 p. ;
|c 24 cm.
|
| 440 |
|
0 |
|a Political economy of institutions and decisions
|
| 504 |
|
|
|a Includes bibliographical references and index.
|
| 541 |
|
|
|e 00023884
|
| 651 |
|
0 |
|a Mexico
|x Economic policy.
|
| 651 |
|
0 |
|a Mexico
|x Politics and government
|y 19th century.
|
| 651 |
|
0 |
|a Mexico
|x Politics and government
|y 20th century.
|
| 650 |
|
0 |
|a Right of property
|z Mexico
|x History.
|
| 700 |
1 |
|
|a Maurer, Noel.
|
| 700 |
1 |
|
|a Razo, Armando,
|d 1971-
|
| 852 |
1 |
|
|a Ayesha Abed Library
|c General shelf.
|
| 999 |
|
|
|c 11520
|d 11520
|
| 952 |
|
|
|0 0
|1 0
|2 ddc
|4 0
|6 320_609720904000000_HAB
|7 0
|9 18726
|a BRACUL
|b BRACUL
|c GEN
|d 2011-11-29
|e TRIM EDUCATION
|g 4000.00
|l 1
|m 2
|o 320.609720904 HAB
|p 3010023884
|r 2012-02-26
|s 2011-12-01
|t 1
|w 2011-11-29
|y BK
|